000 00720 a2200217 4500
001 127277
020 _a9781472342645
040 _cEscola Canadense de Niteroi
090 _aT8 - DIS
100 _aParragon Publishing
245 1 0 _aTinkerBell and the pirate fairy
260 _aUK
300 _a12 p.
_c6 x 0.12 x 10.63 inches
362 0 _a2014
490 0 _aTinker Bell
520 _aZarina, a dust-keeper fairy, steals the special Blue Dust from Pixie Hollow and joins a pirate gang. Tinker Bell and her friends chase after her, but will they succeed in finding her and returning the Blue Dust to its home?
650 4 _aFairies
650 4 _aPirates
650 4 _aChildren's Literature
942 _cBK
999 _c127277
_d127277